[Event "Bern op"]
[Site "Bern"]
[Date "1992.??.??"]
[Round "6"]
[White "Sher, Miron Naumovich"]
[Black "Petursson, Margeir"]
[Result "0-1"]
[WhiteElo "2475"]
[BlackElo "2555"]
[Annotator "Ribli,Z"]
[PlyCount "86"]
[EventDate "1992.02.??"]
[EventType "swiss"]
[EventRounds "9"]
[EventCountry "SUI"]
[SourceTitle "CBM 028"]
[Source "ChessBase"]
[SourceDate "1992.06.01"]
[SourceVersion "1"]
[SourceVersionDate "1992.06.01"]
[SourceQuality "1"]

1. c4 e5 2. g3 Nf6 3. Bg2 d5 4. cxd5 Nxd5 5. Nf3 Nc6 6. O-O Nb6 7. Nc3 Be7 8.
a3 O-O 9. b4 Re8 10. d3 (10. b5 Nd4 11. Nxe5 Bf6 12. f4 Bxe5 13. fxe5 Rxe5 14.
e3 Nxb5 15. Nxb5 Rxb5 16. a4 Rf5 17. a5 $146 {Mestropov,K-Yakovich,Y Moscow op
1990 EXP/19 50/(29)}) 10... Bf8 11. Rb1 Nd4 $5 (11... a5 12. b5 Nd4 13. Nd2 a4
14. e3 Ne6 15. Nf3 Nc5 16. d4 $14 {Georgiev,Ki-Gelfand,B Manila izt 1990 CBM/
19 49/44}) (11... Bg4 $5 12. h3 Bh5 13. Nd2 Rb8 14. g4 Bg6 15. Nde4 Nd4 16. e3
Ne6 17. Qe2 c6 18. Bb2 Qh4 $13 {Spraggett-Kveinys Torcy 1991 51/37}) 12. Nd2 c6
13. Nb3 Bg4 $5 (13... Nxb3 14. Qxb3 Be6 15. Qc2 $10 {Pigusov-Goldin Sochi 1989
48/(26)}) 14. h3 Bh5 15. g4 Bg6 16. Nc5 Rb8 17. N5e4 Ne6 18. e3 Nd5 19. Ne2 a5
$1 20. b5 Nc5 21. Nxc5 Bxc5 22. Qb3 (22. bxc6 bxc6 23. Rxb8 Qxb8 24. d4 $13)
22... Nc7 $1 23. bxc6 Qxd3 $1 24. Nc3 a4 25. Qb2 Qc4 26. cxb7 (26. e4 Bd4 $17)
26... Bxb1 27. Nxb1 e4 $1 28. Nc3 Nd5 29. Bd2 Nxc3 30. Bxc3 Qb3 31. Qa1 Rxb7
32. Bxg7 Qxa3 33. Bf6 (33. Qf6 Rb6 $19) 33... Qxa1 34. Rxa1 a3 35. Bf1 Reb8 36.
Kg2 Rb1 37. Ra2 Rc1 38. Be2 Bd6 39. Rd2 Bb4 40. Ra2 Bf8 41. Rd2 Bg7 42. g5 Bxf6
43. gxf6 Rc6 0-1

[Event "Horgen SKA"]
[Site "Horgen"]
[Date "1994.??.??"]
[Round "5"]
[White "Zueger, Beat"]
[Black "Landenbergue, Claude"]
[Result "1-0"]
[WhiteElo "2420"]
[BlackElo "2450"]
[Annotator "Ribli,Z"]
[PlyCount "69"]
[EventDate "1994.09.??"]
[EventType "tourn"]
[EventRounds "11"]
[EventCountry "SUI"]
[EventCategory "10"]
[SourceTitle "CBM 043"]
[Source "ChessBase"]
[SourceDate "1994.12.01"]
[SourceVersion "1"]
[SourceVersionDate "1994.12.01"]
[SourceQuality "1"]

1. c4 e5 2. Nc3 Nf6 3. Nf3 Nc6 4. g3 Bb4 5. Nd5 e4 $6 (5... Bc5 $5) 6. Nh4 O-O
7. Bg2 Re8 8. O-O Bc5 (8... d6 9. d3 exd3 10. Qxd3 Ne5 11. Qc2 $14 {Lautier,
J-Karpov,An/Dortmund/1993/CBM35/INF57,40/}) 9. d3 exd3 10. Qxd3 Ne5 11. Qc2 c6
12. Be3 $1 cxd5 13. Bxc5 d6 14. Bd4 dxc4 15. Rfd1 Qe7 16. Rd2 $5 (16. Nf3 Nc6
17. Qxc4 Qxe2 18. Qxe2 Rxe2 19. Bxf6 gxf6 20. Rxd6 $14 {Ree,H-Ligterink,G/
Amsterdam OHRA-B/1988/CBM09/INF46/(33)/}) 16... Be6 (16... Nc6 $6 17. Bxf6 Qxf6
18. Qxc4 $16 {Smejkal,J-Mecking,H/Rio de Janeiro izt/1979/INF28,(52)/}) 17.
Rad1 Rac8 (17... Rad8 18. Bxa7 b5 19. Bb6 Rd7 20. f4 Ng6 21. f5 $18) 18. Bc3
Red8 19. Nf5 Bxf5 20. Qxf5 h6 $2 (20... Rb8 $14) 21. Rxd6 $1 Re8 22. Qxe5 Qxe5
23. Bxe5 Rxe5 24. Bxb7 Rc7 (24... Rb8 25. Rd8+ Rxd8 26. Rxd8+ Kh7 27. Bf3 Ra5
28. a3 c3 29. bxc3 Rxa3 $16) 25. Bf3 Ra5 26. Rd8+ Kh7 27. Ra1 (27. a3 c3 28.
bxc3 Rxc3 29. Rf8 Kg6 $10) 27... g6 28. a3 Nd7 (28... c3 29. b4 Ra4 30. Rd3 $16
) 29. Rc1 Ne5 30. Rc3 Rb5 31. Rd2 Kg7 32. Kg2 Rcc5 33. Be4 Rb3 34. Rxb3 cxb3
35. Rd5 $1 1-0

[Event "RUS-ch"]
[Site "Elista"]
[Date "1994.??.??"]
[Round "4"]
[White "Kharlov, Andrei"]
[Black "Orlov, Vassily"]
[Result "1-0"]
[WhiteElo "2530"]
[BlackElo "2350"]
[Annotator "Ribli,Z"]
[PlyCount "159"]
[EventDate "1994.09.??"]
[EventType "swiss"]
[EventRounds "11"]
[EventCountry "RUS"]
[SourceTitle "CBM 044"]
[Source "ChessBase"]
[SourceDate "1995.02.01"]
[SourceVersion "1"]
[SourceVersionDate "1995.02.01"]
[SourceQuality "1"]

1. c4 {Belov} e5 2. Nc3 Nf6 3. g3 d5 4. cxd5 Nxd5 5. Bg2 Nb6 6. Nf3 Nc6 7. O-O
Be7 8. a3 Be6 9. d3 O-O 10. b4 Nd4 (10... a5 {Belov} 11. b5 Nd4 12. Bb2 (12.
Nd2 c6 $1 13. a4 Nd5 14. Nxd5 cxd5 15. Bb2 Qb6 16. Bxd4 Qxd4 17. Nf3 Qc3 $13 {
Kortschnoi/}) 12... Nb3 13. Rb1 f6 14. Nd2 Nc5 15. a4 Rf7 $10 {Cvetkovic,
S-Cebalo,M/YUG/1986/0:1/36/}) 11. Nd2 $5 (11. Bb2 {Belov} Nxf3+ (11... Bb3 12.
Qc1 Nxf3+ 13. Bxf3 c6 14. Rb1 a5 $10) 12. Bxf3 c6 13. Ne4 Nd7 14. Qc2 Bd5 15.
Nd2 Bxf3 16. Nxf3 Bd6 $10 {Salov,V-Khalifman,A/Reykjavuk/1991/0,5/22/}) 11...
Nd5 (11... c6 12. Bb2 f6 (12... a5 $10 {Belov}) 13. e3 Nf5 14. Nb3 $13 {
Paneque,P-Martin del Campo,R/Capablanca mem-B/1994/CBM43/}) 12. Bb2 Nxc3 13.
Bxc3 Bd5 (13... c6 {Belov} 14. Nc4 (14. e3 Nb5 15. Bxe5 Qxd3 $10) 14... f6 15.
e3 Nb5 16. Bb2 $14) 14. Nc4 Bf6 (14... Bxg2 15. Kxg2 Qd5+ 16. e4 $1 Qe6 17.
Bxd4 exd4 18. Qb3 $14) (14... f6 {Belov}) 15. e3 Bxg2 16. Kxg2 Qd5+ 17. e4 Qd7
18. Bxd4 $5 Qxd4 (18... exd4 19. Qb3 $14) 19. Na5 $1 Qb6 (19... b6 20. Nc6 Qc3
21. b5 a6 22. Qb1 $5 (22. a4 axb5 23. Rc1 Qb2 24. Rb1 Qc3 25. axb5 Ra3 26. Nb4
$14) 22... axb5 23. Rc1 Qd2 24. Ra2 (24. Qxb5 Rxa3 25. Rxa3 Qxc1 26. Ra7 $44)
24... Qg5 25. Rcc2 $14) (19... Rab8 $5 {Belov}) 20. Qc2 $14 Rad8 21. Rfd1 Rd7
22. Rab1 Rfd8 23. Rb3 h5 (23... Be7 $5 {Belov}) 24. Qc5 Qe6 (24... Qxc5 {Belov}
25. bxc5 b6 26. Nc6 Re8 27. a4 $16) 25. Qc4 (25. Nxb7 $2 {Belov} Qxb3) 25...
Qb6 (25... Qxc4 26. Nxc4 Rd4 (26... c6 {Belov} 27. b5 $16) 27. Na5 Rxe4 28.
Nxb7 Rd5 29. dxe4 Rxd1 30. Rc3 Ra1 31. Na5 $16) 26. Rc3 Be7 27. Qb3 a6 (27...
c5 28. Nc4 Qe6 29. b5 $14) 28. Nc4 Qe6 29. Ne3 Qxb3 (29... Qg6 $32 {Belov}) 30.
Rxb3 f6 (30... Bg5 31. Nd5 (31. Nc4 Rd4 32. Nxe5 Rxe4 33. dxe4 Rxd1 34. Rd3
Rxd3 35. Nxd3 Kf8 $13) 31... c6 32. Nb6 Rd4 33. Kf3 $14) 31. Kf3 Kf7 32. Ke2 c6
33. Nc4 Rd4 (33... Bd6 $32 {Belov} 34. f4 Bc7 $14) (33... h4 $5 {Belov}) 34. f4
Ke6 (34... exf4 35. gxf4 f5 36. Ne5+ Ke6 37. Nf3 R4d7 38. Rg1 $14) 35. Rf1 $1
h4 (35... exf4 $5 36. Rxf4 g6 $14) (35... g6 {Belov} 36. f5+ Kf7 37. fxg6+ Kxg6
38. Rf5 $16) 36. f5+ Kf7 37. g4 Rc8 (37... g5 {Belov} 38. fxg6+ Kxg6 39. Rf5 {
/\g5+-}) 38. g5 $1 g6 (38... fxg5 39. Nxe5+ Kf6 40. Ng4+ $16) 39. gxf6 Bxf6 40.
fxg6+ Kxg6 41. Rf5 Re8 42. Rb1 $1 $16 Re6 43. Rg1+ Kf7 (43... Kh6 44. Ne3 $18)
44. Rh5 Re7 45. Rh6 $1 Ke6 46. Rgg6 Rf7 47. Ne3 Rd8 48. Ng4 Rdf8 49. Rxh4 Ke7
50. Nxf6 (50. Rh5 $32 {Belov} Bg7 51. h4 $18) 50... Rxf6 51. Rh7+ Kd6 (51...
R8f7 52. Rgg7 $18) 52. Rxf6+ Rxf6 53. Rxb7 Rh6 54. Ra7 Rxh2+ 55. Ke3 Rb2 56.
Rxa6 Kd7 57. Kf3 Rd2 58. Kg4 $1 Rxd3 59. Kf5 Kd6 60. b5 Rf3+ 61. Kg5 (61. Kg4 {
Belov} Rf4+) 61... Rg3+ 62. Kh4 Re3 63. Rxc6+ Kd7 64. Rc4 Rxa3 65. Rb4 $1 (65.
Kg4 $2 Rb3 66. Rc5 Ke6 67. Rc6+ Kd7 68. Rb6 Kc7 69. Re6 Rxb5 70. Kf5 Kd7 71.
Rxe5 Rxe5+ 72. Kxe5 Ke7 $10) 65... Rf3 (65... Kc7 66. Kg4 $1 Ra8 67. Kf5 Re8
68. b6+ Kb7 69. Kf6 $18) (65... Ke6 {Belov} 66. b6 Ra8 67. b7 Rb8 68. Kg5 $18)
66. b6 Kc8 67. b7+ Kb8 68. Kg5 Rf4 69. Kg6 $1 Rf1 70. Rb5 Rf4 71. Rxe5 Kxb7 72.
Kg5 Rf8 73. Rc5 $1 Kb6 74. Rc1 Re8 75. Kf5 Rf8+ 76. Kg6 Re8 77. Re1 Rf8 (77...
Kc6 78. Kf7 Re5 79. Kf6 Rh5 80. Rd1 Rh6+ 81. Kg5 Rh8 (81... Rh7 82. e5 Rd7 83.
Rxd7 Kxd7 84. Kf6 Ke8 85. Ke6 $18) (81... Rd6 82. Rxd6+ Kxd6 83. Kf6 Kd7 84. e5
Ke8 85. Ke6 $18) 82. e5 $18) (77... Kc7 {Belov} 78. Kf7 Re5 79. Kf6 Re8 80. e5)
78. Kg7 Rf2 79. e5 Kc7 80. Rd1 $1 1-0

[Event "Interzonal-16"]
[Site "Biel"]
[Date "1993.??.??"]
[Round "12"]
[White "Hjartarson, Johann"]
[Black "Lobron, Eric"]
[Result "1-0"]
[WhiteElo "2605"]
[BlackElo "2575"]
[Annotator "Ribli,Z"]
[PlyCount "75"]
[EventDate "1993.07.16"]
[EventType "swiss"]
[EventRounds "13"]
[EventCountry "SUI"]
[SourceTitle "CBM 037"]
[Source "ChessBase"]
[SourceDate "1993.12.01"]
[SourceVersion "1"]
[SourceVersionDate "1993.12.01"]
[SourceQuality "1"]

1. c4 {Hjartarson,J} Nf6 2. Nc3 e5 3. Nf3 Nc6 4. g3 Bc5 5. Bg2 d6 6. d3 h6 7.
O-O O-O 8. a3 a5 (8... a6 $14 {Petursson,M-Hjartarson,J/Nordic zt/1992/CBM31/})
9. e3 Bb6 (9... Bf5 $6 {Lautier,J-Hertneck,G/Tilburg/1992/CBM32/INF56,37/}) 10.
b3 Bf5 11. Bb2 (11. h3 {Hjartarson,J - 53/38}) 11... Re8 $6 (11... Qd7 $5 12.
d4 $6 (12. Re1 $5) 12... exd4 13. exd4 Bg4 $13 {Vaganian,R-Sokolov,I/Bled/1991/
CBM24/INF52,37/}) 12. Rc1 (12. Qc2 $5 {Hjartarson,J /\ Nd2} Qd7 13. Rfe1 e4 14.
dxe4 Nxe4 15. Nxe4 Bxe4 16. Qc3 f5 17. Rad1 $14) 12... Qd7 13. Re1 $5 Bh3 (
13... Rad8 {Hjartarson,J} 14. Qc2 Ne7 15. Ne4 $14) 14. Bh1 Bg4 15. Qc2 Qf5 16.
Nd2 Qh5 (16... Nh7 {Hjartarson,J} 17. Nde4 Qh5 18. Nd5 Rad8 (18... f5 19. Nxb6
cxb6 20. Nxd6 $18) 19. Nxb6 cxb6 20. f4 $1 $16) 17. Nd5 (17. Nde4 {Hjartarson,J
} Nxe4 18. dxe4 Rac8 19. Nd5 Ba7 {/\ Nd8-e6} 20. Bc3 Bf3 $10) 17... Nxd5 18.
cxd5 (18. Bxd5 $6 {Hjartarson,J} Nd8 19. Bg2 c6 $10) 18... Ne7 19. Nc4 Bf3 20.
Bxf3 Qxf3 21. e4 f5 (21... Bc5 22. Nxa5 Rxa5 23. b4 Rb5 24. bxc5 Rxc5 25. Qa4
$16) 22. Nxb6 cxb6 23. Qc7 $1 (23. Qd1 $1 {Hjartarson,J} fxe4 (23... Qxd1 24.
Rexd1 Rac8 25. a4 $16) 24. dxe4 Rf8 25. Qxf3 Rxf3 26. Rc7 Rxb3 27. Re2 $14)
23... fxe4 $2 (23... Rad8 $5) 24. dxe4 Qxb3 (24... Rf8 $1 {Hjartarson,J} 25.
Qxb6 Ng6 26. Qe3 (26. Rc3 Qg4 27. Qxd6 Ra6 $1 $44) 26... Qg4 27. Kh1 Rf3 28.
Qe2 Raf8 29. Rc3 h5 $1 $44 {ץb2}) 25. Rb1 $1 $16 Qf3 26. Qxd6 Rf8 27. Rf1 Rf7
(27... Rae8 {Hjartarson,J} 28. Qxb6 Qxe4 29. Rbe1 Qxd5 30. Rxe5 Qc6 31. Qxa5
$16) 28. Qxe5 Ng6 29. Qe6 Kh7 30. Rbe1 Raf8 (30... Re8 {Hjartarson,J /\ 31.Qe8
Nf4=} 31. Re3 $1 $18) 31. Re3 Qh5 (31... Qxe3 {Hjartarson,J} 32. Qxf7 Rxf7 33.
fxe3 Re7 34. d6) 32. Qxb6 (32. f4 $2 {Hjartarson,J} Nxf4 $1 33. gxf4 Rxf4 34.
Rxf4 Rxf4 $44) 32... Qg5 33. Qd4 Nf4 (33... Nh4 {Hjartarson,J} 34. f4 Rxf4 35.
Rxf4 Rxf4 36. Qxg7+ Qxg7 37. Bxg7 Rf3 38. Bd4) 34. Kh1 Nh3 35. f4 Qh5 (35...
Qg4 36. e5 Re7 37. e6 Ree8 38. d6) 36. e5 Rc7 37. e6 Re8 38. d6 1-0

[Event "GER-ch 76th"]
[Site "Altenkirchen"]
[Date "2005.02.24"]
[Round "7"]
[White "Solonar, Stefan"]
[Black "Meins, Gerlef"]
[Result "0-1"]
[WhiteElo "2393"]
[BlackElo "2440"]
[Annotator "Ribli,Z"]
[PlyCount "58"]
[EventDate "2005.02.18"]
[EventType "swiss"]
[EventRounds "9"]
[EventCountry "GER"]
[SourceTitle "CBM 106"]
[Source "ChessBase"]
[SourceDate "2005.06.06"]
[SourceVersion "1"]
[SourceVersionDate "2005.06.06"]
[SourceQuality "1"]

1. c4 e5 2. Nc3 Nf6 3. Nf3 Nc6 4. g3 Bb4 {Dieser Läuferzug führt zu
positionellem Spiel; die Alternativen sind 4...Bc5, 4...Nd4 und hauptsächtlich
4...d5.} 5. Bg2 O-O 6. O-O e4 7. Ng5 Bxc3 8. bxc3 Re8 9. f3 exf3 (9... e3 {
Führt zu scharfem taktischem Spiel.}) 10. Nxf3 d5 11. d4 (11. cxd5 Qxd5 12. Nd4
Qh5 13. Nxc6 bxc6 14. e3 Bg4 $13) 11... Ne4 {Weiß hat das Läuferpaar und die
offenen b- und f-Linien, die schwarze Stellung ist jedoch sicher.} (11... dxc4
12. Bg5 $44) 12. Qc2 Bf5 (12... dxc4 13. Rb1 $1 $44 f5 14. g4 $1 {Dieser Zug
erfolgte zuerst in der Partie Kasparov,G - Ivanchuk,V UdSSR (ch) 1988.} fxg4 $6
15. Ne5 Nxe5 $2 16. Bxe4 Ng6 17. Bxg6 hxg6 18. Qxg6 $16 {[%csl Gb1,Gf1,Gg6,Rg8]
} Qe7 19. Rb5 $1 Qe6 $6 20. Qh5 {[%cal Rb5e5,Re5e8]} g6 21. Qh6 {[%cal Rb5g5,
Rg5g8] 1-0 Lesiege,A-Zugic,I/Montreal 2001/CBM 85/[Ribli] (21)}) 13. Nh4 Bg6 {
Stellt eine Verbesserung gegenüber dem früheren 13...Bg4 dar.} (13... Bg4 14.
e3 Na5 15. Rf4 f5 16. cxd5 Nd6 17. c4 Naxc4 18. e4 g5 19. Nxf5 Nxf5 20. Rxg4
Nfe3 21. Qe2 Nxg4 22. Qxg4 h6 23. e5 $18 {1-0 Hansen,C-Meins,G/Germany 1999/
CBM 73 ext (29)}) 14. Nxg6 hxg6 15. Rf4 {Mit dem Textzug provoziert Weiß 15...
f5.} (15. Bf4 f5 16. cxd5 Qxd5 17. g4 Re7 18. e3 Qc4 19. Rac1 Rae8 20. gxf5
gxf5 21. Kh1 {1/2-1/2 Gretarsson,H-Stefansson,H/Reykjavik ISL 2004/ (63)})
15... f5 $13 16. g4 $6 (16. Rb1 $5) 16... Na5 $1 {[%mdl 32] Schwarz zielt auf
das Feld c4.} 17. gxf5 (17. cxd5 Qxd5 18. h4 Qc4 19. gxf5 Nxc3 $36) 17... gxf5
18. Rxf5 Nxc4 $15 {[%csl Gc4,Ge4] Weiß besitzt zwar das Läuferpaar, jedoch ist
sein schwarzfeldriger Läufer auf c1 sehr passiv positioniert, während die
schwarzen Springer auf c4 und e4 sehr aktiv stehen.} 19. Bg5 Qd7 (19... Nxg5
20. Bxd5+ Qxd5 21. Rxd5 Nh3+ 22. Kh1 (22. Kg2 Ne3+ $19) 22... Nf2+ 23. Kg1 Nh3+
$11) 20. Bh3 $2 {Die offensichtliche Drohung des Abzugsschachs durch 21.Rf8+
mit Damengewinn kompensiert nicht die passive Stellung des weißen Läufers auf
h3.} (20. Raf1 c6 $15) 20... Qd6 $17 (20... Qc6) 21. Kh1 $2 Rf8 (21... Qg6 $1 {
Es droht 22...Nf2+.} 22. Raf1 (22. Bh4 Qh7 $19 (22... Qh6 $19)) 22... Ncd6 $19
{[%csl Rf5,Rg5][%cal Gg6c2]}) 22. Raf1 Nxg5 (22... Rxf5 23. Rxf5 Qg6 $19) 23.
Rxg5 Rxf1+ 24. Bxf1 Ne3 (24... Qf4 25. Rf5 Qg4 $15) 25. Qc1 (25. Qb1 Qf4 26.
Rg1 Re8 $17) 25... Qf4 $19 {[%csl Rc1,Ge3,Rf1,Gf4,Rg5,Rh1][%mdl 2048]} 26. Rg1
Rf8 27. Bh3 Qe4+ 28. Bg2 Nxg2 29. Rxg2 Rf2 (29... Rf2 30. Qg1 Rxe2 $19) 0-1

[Event "Moscow Aeroflot op-A"]
[Site "Moscow"]
[Date "2005.02.23"]
[Round "9"]
[White "Mamedyarov, Shakhriyar"]
[Black "Yakovich, Yuri"]
[Result "1-0"]
[WhiteElo "2657"]
[BlackElo "2585"]
[Annotator "Ribli,Z"]
[PlyCount "83"]
[EventDate "2005.02.15"]
[EventType "swiss"]
[EventRounds "9"]
[EventCountry "RUS"]
[SourceTitle "CBM 106"]
[Source "ChessBase"]
[SourceDate "2005.06.06"]
[SourceVersion "1"]
[SourceVersionDate "2005.06.06"]
[SourceQuality "1"]

1. c4 e5 2. Nc3 Nf6 3. Nf3 Nc6 4. g3 d5 5. cxd5 Nxd5 6. Bg2 Nb6 7. O-O Be7 8.
d3 (8. a3 O-O 9. d3 Be6 10. Be3 f5 11. Rc1 Kh8 12. Na4 Nxa4 13. Qxa4 Bd5 14.
Rfe1 a6 15. Bc5 e4 16. Bxe7 Qxe7 {1/2-1/2 Vaganian,R-Portisch,L/Moscow (ol)
1994 (16)}) 8... O-O 9. Be3 Kh8 {In der Partie Mamedyarov,S - Karjakin,S
spielte Schwarz 9...Bg4.} (9... Bg4 10. Rc1 Kh8 11. Na4 Nd7 12. a3 f5 13. b4
Bd6 14. b5 Ne7 15. Nc5 {1-0 Mamedyarov,S-Karjakin,S/Moscow 2005/CBM 106 (38)})
(9... Re8 10. Rc1 Bf8 11. Ne4 Nd4 $5 {Dieser Zug ist stärker als das
schablonenhafte 11...Be6?!.} 12. Nc5 Nxf3+ 13. Bxf3 c6 14. Qb3 Bxc5 15. Bxc5
Be6 16. Qb4 (16. Qa3) 16... Qd7 (16... Bd5 $5 17. Bxd5 (17. Bxb6 Qxb6 18. Qxb6
axb6 19. Bxd5 cxd5 20. a3 Rac8 $11) 17... cxd5 $11) 17. Rfd1 {1/2-1/2 Hansen,
C-Hertneck,G/Germany 2002/CBM 089/[Ribli] (40)}) (9... f5 10. b4) (9... Be6)
10. Rc1 {Großmeister Mamedyarov wählt gerne diesen Aufbau gegen die
Drachenvariante mit vertauschten Farben.} f5 11. Qd2 $146 {Dieser Zug
erscheint mir schablonenhaft, die folgende Variante ist wahrscheinlich
ausichtsreicher für Weiß.} (11. Na4 f4 (11... e4) 12. Bd2 $5 Nxa4 13. Qxa4 Bd6
14. Bc3 Bg4 15. b4 a6 16. Qb3 Qe7 17. a3 Be6 18. Qb2 a5 19. bxa5 Bxa3 20. Qxb7
Bd5 21. Qb5 Rfd8 22. Ra1 Bc5 {1/2-1/2 Maeser,F-Tukmakov,V/Zurich 1997/CBM 62
ext (22)}) 11... Be6 12. a3 (12. Ng5 Bxg5 (12... Bg8) 13. Bxg5 Qd7 $11) 12...
Nd4 $11 {[%csl Gd4] Ein starker Zug; es droht unmittelbar 13...Nb3.} 13. Bxd4
exd4 14. Nb5 c5 {[%csl Rb5][%cal Ga7a6] Alles ist verteidigt in der schwarze
Stellung und es droht 15...a6.} 15. b4 a6 16. Nd6 $1 (16. bxc5 axb5 17. cxb6
Qxb6 18. Qb2 Ra4 $15) 16... Bxd6 (16... Bd5 $6 17. bxc5 Bxd6 18. cxd6 Qxd6 19.
Qb2 $14) (16... Qxd6 17. bxc5 Qd8 18. cxb6 Qxb6 19. Rb1) 17. bxc5 Nc4 $1 (17...
Be7 18. cxb6 Qxb6 19. Rb1 Qa7 20. Ng5 $14) (17... Bc7 18. cxb6 Bxb6 19. Qf4 Bd5
20. Rc2 $14) 18. dxc4 Bxc5 19. Rfd1 {[%csl Rd4]} Qf6 $1 20. a4 $5 {[%cal Ga4a5]
Weiß beschäftigt sich nicht mit dem schwarzen d4-Zentrumbauern, sondern
befreit sich von der Drohung Bxa3.} (20. Nxd4 Rad8 21. e3 f4 $1 (21... Bxa3)
22. gxf4 Bxa3 23. Rb1 Bc5 $44) 20... Bd7 (20... a5 $2 21. Nxd4 Rad8 22. e3 $16)
(20... Rad8 $11) 21. a5 Ba4 {Schwarz verjagt den Turm von d1.} 22. Rf1 Bc6 $15
{[%csl Gc5,Gc6,Gd4] Schwarz hat das Läuferpaar und eine gut postierte
Verteidigung des Pd4 mit einem kleinen Positionsvorteil.} 23. Ne1 $1 {[%cal
Ge1d3,Gd3f4,Gf4d5][%mdl 32] Weiß bereitet das Springermanöver Nd3-f4-d5 vor.}
Be4 24. Nd3 Qc6 (24... Bd6 $5 $15) 25. Nf4 {[%csl Yd5][%cal Gf4d5]} Bxg2 26.
Nxg2 Rae8 (26... b6 27. Nf4 bxa5 28. Qxa5 Rae8 $15) 27. Rb1 Re4 (27... b6 28.
axb6 (28. Nf4 bxa5 29. Qxa5 Kg8 $11 (29... Bd6 30. Rb6 $1 $16)) 28... Bxb6 $11)
28. Rb2 Rfe8 29. Qd3 $11 {Die weiße Verteidigungsstellung steht sicher und
seine positionellen Drohungen sind Nf4 (mit der Idee Nd5) und die
Turmdoppelung auf der b-Linie.} Qa4 (29... b6 30. axb6 Bxb6 31. Nf4 Bc5 (31...
Bc7 32. Nd5 f4 $6 33. f3 R4e6 34. gxf4 $16) 32. Ra1 $11 (32. Nd5 a5 33. f3 $2
Rxe2 $1 $17)) 30. Nf4 $1 $36 {[%cal Gf4d5] Der ehemals passive Springer wird
zu einer starken Figur.} Bd6 (30... Qxa5 31. Rxb7 $36) 31. Nd5 {[%csl Gd5]}
Qxa5 32. Rxb7 {[%csl Gb7,Gd5,Rd6][%mdl 2048] Plötzlich stehen die weißen
Figuren sehr aktiv, da Schwarz Probleme mit der Figurenkoordination hat und
seinen Bd6 aktiver zu positionieren.} Qa3 (32... Rxe2 33. Qxf5 $36 {[%csl Gb7,
Gd5,Gf5]}) 33. Rd7 (33. Qxa3 Bxa3 34. Ra1 Bf8 35. e3 dxe3 36. Nxe3 $14) 33...
a5 (33... Qc5 34. Rb1 (34. Ra1 Rxe2 35. Rxa6 $36) 34... Rxe2 35. Rb6 $36) 34.
Rb1 Bf8 35. Nc7 $16 Qxd3 (35... Rc8 36. Nb5 Qa4 37. Rxd4 Rxd4 38. Nxd4 $16) 36.
exd3 Re1+ 37. Rxe1 Rxe1+ 38. Kg2 Re7 (38... a4 39. Rxd4 a3 40. Rd8 Kg8 41. Ra8
Kf7 42. d4 $18) (38... Kg8 39. Rxd4 $16 (39. Nb5 $16)) 39. Rd8 $18 Kg8 40. Nb5
{[%csl Ra5,Gb5,Rd4,Gd8]} a4 41. Ra8 Re2 42. Nxd4 1-0

[Event "Hoogovens-B"]
[Site "Wijk aan Zee"]
[Date "1992.01.??"]
[Round "11"]
[White "Winants, Luc"]
[Black "De Boer, Gert Jan"]
[Result "0-1"]
[WhiteElo "2515"]
[BlackElo "2425"]
[Annotator "Ribli,Z"]
[PlyCount "175"]
[EventDate "1992.01.??"]
[EventType "tourn"]
[EventRounds "11"]
[EventCountry "NED"]
[EventCategory "10"]
[SourceTitle "CBM 028"]
[Source "ChessBase"]
[SourceDate "1992.06.01"]
[SourceVersion "1"]
[SourceVersionDate "1992.06.01"]
[SourceQuality "1"]

1. c4 e5 2. Nc3 Nf6 3. Nf3 Nc6 4. g3 d5 5. cxd5 Nxd5 6. Bg2 Nb6 7. O-O Be7 8.
a3 O-O 9. b4 Re8 10. d3 Bf8 11. Bb2 Bg4 $5 (11... a5 $6 12. b5 Nd4 13. Nd2 a4
14. e3 Ne6 15. Nf3 $1 f6 16. Qc2 Nc5 17. d4 $14 {Azmayparashvili-Novak Haifa
op 1989 48/(27)}) 12. Nd2 (12. Ne4 a5 13. Nc5 e4 $5 14. Nxe4 axb4 15. axb4 Bxb4
16. Rxa8 Qxa8 17. h3 Bd7 18. Qc1 Qd8 19. e3 Bf8 $13 {Gomez Esteban,
J-Kortschnoj,V Salamanca 1991 CBM/23 52/38}) 12... Qd7 13. Re1 Rab8 14. Nb3 Nd4
15. Rc1 (15. Nc5 Bxc5 16. bxc5 Nc8 $13) 15... c6 16. Ne4 Rbd8 17. Nec5 Bxc5 18.
Nxc5 Qe7 19. Nb3 Qg5 20. Nxd4 (20. h3 $5) 20... exd4 21. Rc5 Qh6 22. b5 $2 (22.
a4 $5) 22... Qd6 23. Rg5 f5 $1 24. bxc6 bxc6 25. h3 Qf6 26. Rxg4 fxg4 27. hxg4
Qe6 28. Bf3 c5 29. Kg2 c4 30. Rh1 c3 31. Bc1 Rf8 32. Be4 g6 33. g5 Qf7 34. f3
Rfe8 35. Rh4 Rc8 36. Qg1 Red8 37. f4 Na4 38. f5 gxf5 39. Rf4 Rc5 40. g4 Qg7 41.
Rxf5 Rxf5 42. gxf5 Nc5 43. f6 Qd7 44. Bf3 Nb3 45. Bf4 c2 46. Qh1 Qf5 47. Qh5
c1=Q (47... Qxf4 $2 48. Bd5+ $1 Kh8 49. g6 h6 50. g7+ Kh7 51. g8=Q+ Rxg8+ 52.
Bxg8+ Kh8 53. Bxb3 Qg5+ 54. Qxg5 hxg5 55. Bxc2 $18) 48. Bxc1 Nxc1 49. Be4 Nxe2
$1 50. Qh6 Nf4+ 51. Kf3 Qh3+ 52. Kxf4 Qxh6 53. gxh6 Kf7 54. Ke5 Re8+ 55. Kf5
Rd8 56. Bf3 (56. Ke5 $5 Rb8 $5) 56... Rd6 57. Bh5+ Kf8 58. Bd1 Rb6 59. Ke5 Rb1
60. Bf3 Rb3 61. Be4 Rxa3 62. Bxh7 Ra5+ 63. Kxd4 Rh5 64. Be4 Rxh6 65. Kc5 Rxf6
66. d4 Ke7 67. Bc6 Rf1 68. Kb5 Kd6 69. d5 Rb1+ 70. Ka6 Ra1+ 71. Kb5 Ra2 72. Ba8
Kc7 73. Bc6 a6+ 74. Kb4 Ra1 75. Be8 Rd1 76. Bf7 Kd6 77. Be6 Rd4+ 78. Ka3 Kc5
79. Kb3 Rd1 80. Kc2 Rg1 81. Kb3 Rg3+ 82. Kb2 Re3 83. Bf7 Kb4 84. Bg8 Re2+ 85.
Kb1 Kc3 86. Bf7 Rb2+ 87. Ka1 Kb3 88. Bg6 0-1